| 000 | 00395nam a22001097a 4500 | ||
|---|---|---|---|
| 008 | 150619t xxu||||| |||| 00| 0 eng d | ||
| 100 |
_aSaba Safdar-SUP-Dr. Nasr-m-minullah _91002 |
||
| 245 |
_aTH-BS-Analysis of reference genes for quantitative PCR against titanium dioxide and zinc oxide nanotoxicity in wheat _hThesis |
||
| 260 |
_aNUST ISLAMABAD _bASAB, NUST _c2013 |
||
| 300 | _a70 | ||
| 942 |
_2ddc _cCR |
||
| 999 |
_c17271 _d17271 |
||